00426nam a22001332 4500001001100000005001700011008004100028040001500069050001900084100003100103245011200134260003600246300001000282000000110720151217155807.0070226s xx 000 0 eng d aKABUcKABU 0aBV3625b.U3R871 aRussell, J. K.@000014963610aMen without God? :ba study of the impact of the Christian message in the North of Uganda /cJ. K. Russell. aLondon :bHighway Press,c1966. a96 p.